000 00554nam a2200241Ia 4500
003 OSt
005 20220912145735.0
006 a|||||r|||| 00| 0
007 ta
008 220909b |||||||| |||| 00| 0 eng d
024 _a74622
037 _cTextbook
040 _aCSL
_beng
_cCSL
041 _aeng
082 _aF52, G8
100 _aBell L M T
245 0 _aMaking and moulding of platics
260 _c1938
300 _ap.
_ccm.
650 _aPlatics
942 _hF52, G8
_cTB
_2CC
999 _c37251
_d37251